| 000 | 00750nam a2200253Ia 4500 | ||
|---|---|---|---|
| 003 | OSt | ||
| 005 | 20220918220651.0 | ||
| 006 | a|||||r|||| 00| 0 | ||
| 007 | ta | ||
| 008 | 220917b |||||||| |||| 00| 0 eng d | ||
| 024 | _a146,722 | ||
| 037 | _cTextual | ||
| 040 |
_aARTS _cARTS _beng |
||
| 041 |
_2eng _aeng |
||
| 082 | _aY49(J):3.673, M5 | ||
| 100 |
_aValensi Lucette _9138040 |
||
| 245 | 0 | _aTunisian peasants in the eighteenth and nineteenth centuries Tr by Beth Archer | |
| 260 |
_aCambridge _bCmabridge University Press _c1985 |
||
| 300 |
_axiii, 290p. _ccm. |
||
| 490 | _aStudies in modern capitalism | ||
| 650 | _aSOCIOLOGY | ||
| 942 |
_hY49(J):3.673, M5 _cTEXL _2CC |
||
| 999 |
_c269478 _d269478 |
||